Mitsʻad shire yom huledet

Saved in:
Bibliographic Details
Main Author: Avigal, Miriam.
Format: Audio
Language:Hebrew
Published: Tel Aviv : Makolit, [196-?]
Subjects:
Tags: Add Tag
No Tags, Be the first to tag this record!
LEADER 00534njm a22001817u 4500
001 007741785-2
005 20020606104010.5
008 870529s1960||||is ||nn||||||||||| heb|d
028 0 2 |a 5490  |b Makolit 
035 0 |a ocm38847549 
100 1 |a Avigal, Miriam. 
245 1 0 |a Mitsʻad shire yom huledet  |h sound recording /  |c Miriam Avigal 
260 0 |a Tel Aviv :  |b Makolit,  |c [196-?] 
300 |a 1 sound disc :  |b 33 1/3 rpm ;  |c 7 in. 
655 7 |a Phonograph records.  |2 local 
650 0 |a Children's songs, Hebrew  |z Israel. 
988 |a 20020608 
906 |0 MH